| 000 | 00586nam a22002057a 4500 | ||
|---|---|---|---|
| 005 | 20170124110243.0 | ||
| 010 | _aA-514576 | ||
| 020 |
_c00.00 _a1854353934 |
||
| 035 | _aA-514576 | ||
| 037 | _bCen Lib/Ret | ||
| 040 |
_aDPL _bEN |
||
| 082 |
_a133.3 _bCAV |
||
| 100 |
_aCavendish, Marshall _996151 |
||
| 245 |
_aFortune telling / _bby Marshal Cavendish |
||
| 260 |
_aLondon _bMarshal Cavendish _c1991 |
||
| 270 |
_bLondon _a119 Wardon Street _eW1V3TD |
||
| 300 |
_a128p. : _c27cm(Hb) _bill. |
||
| 650 |
_aFortune-telling _996152 |
||
| 942 |
_2ddc _cEN _h133.3 _mCAV |
||
| 999 |
_c135319 _d135319 |
||